|
|
|
|
| LEADER |
00000nam2a2200000 4500 |
| 001 |
325282 |
| 005 |
20231102003741.0 |
| 035 |
|
|
|a (RuTPU)RU\TPU\book\350895
|
| 035 |
|
|
|a RU\TPU\book\340861
|
| 090 |
|
|
|a 325282
|
| 100 |
|
|
|a 20161201d1982 km y0rusy50 ca
|
| 101 |
0 |
|
|a rus
|
| 102 |
|
|
|a RU
|
| 105 |
|
|
|a a g 001zy
|
| 200 |
0 |
|
|a Том 2 : К-Я
|
| 210 |
|
|
|d 1982
|
| 215 |
|
|
|a 656 с.
|c ил.
|
| 320 |
|
|
|a Имен. указ.: с. 639-656
|
| 461 |
|
1 |
|0 (RuTPU)RU\TPU\book\122830
|t Латинская Америка
|o энциклопедический справочник
|o в 2 т.
|f Академия наук СССР, Институт Латинской Америки ; под ред. В. В. Вольского
|v Том 2 : К-Я
|d 1979-
|
| 606 |
1 |
|
|a Энциклопедии
|2 stltpush
|3 (RuTPU)RU\TPU\subj\21381
|9 46387
|
| 610 |
1 |
|
|a справочные издания
|
| 610 |
1 |
|
|a Латинская Америка
|
| 610 |
1 |
|
|a страны
|
| 610 |
1 |
|
|a Колумбия
|
| 610 |
1 |
|
|a Коста-Рика
|
| 610 |
1 |
|
|a Куба
|
| 610 |
1 |
|
|a Мексика
|
| 610 |
1 |
|
|a Никарагуа
|
| 610 |
1 |
|
|a Панама
|
| 610 |
1 |
|
|a Парагвай
|
| 610 |
1 |
|
|a Сальвадор
|
| 610 |
1 |
|
|a Сальвадор
|
| 610 |
1 |
|
|a Уругвай
|
| 610 |
1 |
|
|a Чили
|
| 610 |
1 |
|
|a Эквадор
|
| 610 |
1 |
|
|a Ямайка
|
| 686 |
|
|
|a Я20
|v LBC/SL-A
|2 rubbk
|
| 801 |
|
1 |
|a RU
|b 63413507
|c 20160301
|
| 801 |
|
2 |
|a RU
|b 63413507
|c 20191120
|g RCR
|
| 942 |
|
|
|c BK
|